000 00767cam a2200289 4500
001 J3151
008 090401t1995 xxu||||| |||| 00| 0 eng d
035 _a(Sirsi) u53399
041 _aeng
050 _a333.337016
110 _aHillier Parker Research
_92002
245 _aSecondary property - May 1995
260 _aLondon
_bHillier Parker May and Rowden
_c1995
300 _a1 sheet ; 30cm.
350 _a0
650 _aINDICES
650 _aINDUSTRIAL PROPERTY
650 _aOFFICES
650 _aRENT INDEX
650 _aSECONDARY PROPERTY
650 _aSECONDARY RENT INDEX
650 _aSHOPS
650 _aYIELDS
690 _aPROPERTY-COMMERCIAL PROPERTY-COMMERCIAL PROPERTY FINANCE AND INVESTMENT
942 _n0
948 _c04/03/1997
999 _c93262
_d93262